| 000 | 01637nam a2200241Ia 4500 | ||
|---|---|---|---|
| 999 |
_c51762 _d51762 |
||
| 001 | 18754 | ||
| 003 | GE_BSU | ||
| 005 | 20220920104257.0 | ||
| 008 | 181216s2012||||ge |||||||||||||| ||geo|| | ||
| 040 | _cGE_BSU | ||
| 041 | _ageo | ||
| 080 | _a616.4 მ-19 | ||
| 100 |
_aმაკარაძე, თამარ _911714 |
||
| 245 |
_aფარისებრი ჯირკვლის დაავადებები და რეპროდუქციული სისტემის ჰორმონდამოკიდებული სიმსივნები : დისერტაცია / _cთამარ მაკარაძე; სამეცნიერო ხელმძღვანელი კ. მარდალეიშვილი; თბილისის სახელმწიფო სამედიცინო უნივერსიტეტი. |
||
| 264 |
_aთბილისი, _c2012. |
||
| 300 |
_a173 გვ.; _b30 სმ. |
||
| 653 | _aდისერტაცია | ||
| 653 | _aმედიცინა | ||
| 653 | _aფარისებრი ჯირკვლის დაავადებები და რეპროდუქციული სისტემის ჰორმონდამოკიდებული სიმსივნები | ||
| 700 |
_aმარდალეიშვილი, კ. _eსამეცნიერო ხელმძღვანელი _96467 |
||
| 710 |
_aთბილისის სახელმწიფო სამედიცინო უნივერსიტეტი. _911715 |
||
| 942 |
_cBK _2udc |
||